[Event "Oberliga Baden 1819"]
[Site "Baden"]
[Date "2018.12.16"]
[Round "4.8"]
[White "Berberich, Christoph"]
[Black "Erismann, Peter"]
[Result "0-1"]
[WhiteElo "2001"]
[BlackElo "2077"]
[PlyCount "54"]
[EventDate "2018.10.21"]
[EventType "team-tourn"]
[EventRounds "9"]
[EventCountry "GER"]
[SourceTitle "EXT 2020"]
[Source "ChessBase"]
[SourceDate "2019.10.17"]
[SourceVersion "1"]
[SourceVersionDate "2019.10.17"]
[SourceQuality "1"]
[WhiteTeam "Dreisamtal"]
[BlackTeam "Brombach"]
[WhiteTeamCountry "GER"]
[BlackTeamCountry "GER"]

1. d4 d5 2. Nf3 c5 3. c4 cxd4 4. cxd5 Nf6 5. Qxd4 Qxd5 6. Nc3 Qxd4 7. Nxd4 a6 8. Bg5 Nbd7 9. 0-0-0 g6 10. e4 Bg7 11. f4 e5 12. fxe5 Nxe5 13. Nd5 Nxd5 14. exd5 Bg4 15. Re1 0-0 16. Be7 Rfc8+ 17. Kb1 Nc4 18. Bxc4 Rxc4 19. Nb3 Bf5+ 20. Ka1 Rc2 21. Ba3 b5 22. Rc1 Rxg2 23. Rcg1 Re2 24. Re1 Rae8 25. Rxe2 Rxe2 26. Nc1 Rc2 27. Re1 h5 0-1

[Event "Oberliga Baden 1617"]
[Site "Baden"]
[Date "2017.05.07"]
[Round "9.7"]
[White "Erismann, Peter"]
[Black "Reinhardt, Bernd"]
[Result "1/2-1/2"]
[WhiteElo "2086"]
[BlackElo "2247"]
[PlyCount "48"]
[EventDate "2016.10.16"]
[EventType "team-tourn"]
[EventRounds "9"]
[EventCountry "GER"]
[SourceTitle "EXT 2018"]
[Source "ChessBase"]
[SourceDate "2017.10.13"]
[SourceVersion "1"]
[SourceVersionDate "2017.10.13"]
[SourceQuality "1"]
[WhiteTeam "Brombach"]
[BlackTeam "Buchen"]
[WhiteTeamCountry "GER"]
[BlackTeamCountry "GER"]

1. e4 d6 2. d4 Nf6 3. Nc3 Nbd7 4. g3 e5 5. Nge2 Be7 6. Bg2 c6 7. 0-0 0-0 8. h3 b5 9. a3 Bb7 10. g4 h5 11. dxe5 dxe5 12. Ng3 hxg4 13. hxg4 Nh7 14. Nf5 g6 15. Nxe7+ Qxe7 16. Be3 Rfd8 17. Qe2 Nc5 18. Rfd1 Ne6 19. f3 Nhg5 20. Qf2 Qf6 21. Rxd8+ Rxd8 22. Rd1 Rxd1+ 23. Nxd1 a6 24. b4 Bc8 1/2-1/2

[Event "Oberliga Baden 1415"]
[Site "Baden"]
[Date "2014.11.09"]
[Round "3.7"]
[White "Eppinger, Georg"]
[Black "Erismann, Peter"]
[Result "1/2-1/2"]
[WhiteElo "2266"]
[BlackElo "2122"]
[PlyCount "35"]
[EventDate "2014.09.21"]
[EventType "team-tourn"]
[EventRounds "9"]
[EventCountry "GER"]
[SourceTitle "EXT 2016"]
[Source "ChessBase"]
[SourceDate "2015.10.08"]
[SourceVersion "1"]
[SourceVersionDate "2015.10.08"]
[SourceQuality "1"]
[WhiteTeam "Dreisamtal"]
[BlackTeam "Brombach"]
[WhiteTeamCountry "GER"]
[BlackTeamCountry "GER"]

1. e4 c5 2. c3 d5 3. exd5 Qxd5 4. d4 Nc6 5. Nf3 Nf6 6. Be2 cxd4 7. cxd4 e6 8. Nc3 Qd6 9. 0-0 Be7 10. Bg5 0-0 11. Qd2 Nd5 12. Bxe7 Qxe7 13. Rfe1 Rd8 14. Nxd5 Rxd5 15. Bc4 Rd8 16. a3 Qf6 17. Rad1 Bd7 18. Ne5 1/2-1/2

[Event "Verbandsliga Sued Baden 1314"]
[Site "Germany"]
[Date "2013.12.08"]
[Round "3.8"]
[White "Ehret, Thomas"]
[Black "Erismann, Peter"]
[Result "1/2-1/2"]
[WhiteElo "2004"]
[BlackElo "2111"]
[PlyCount "80"]
[EventDate "2013.10.20"]
[EventType "team-tourn"]
[EventRounds "9"]
[EventCountry "GER"]
[SourceTitle "EXT 2015"]
[Source "ChessBase"]
[SourceDate "2014.11.20"]
[SourceVersion "1"]
[SourceVersionDate "2014.11.20"]
[SourceQuality "1"]
[WhiteTeam "Emmendingen"]
[BlackTeam "Brombach"]
[WhiteTeamCountry "GER"]
[BlackTeamCountry "GER"]

1. e4 c5 2. Nf3 e6 3. b3 b6 4. Bb2 Bb7 5. Nc3 Nf6 6. e5 Ne4 7. Bd3 Nxc3 8. Bxc3 Be7 9. 0-0 Nc6 10. Qe2 Nb4 11. Be4 Bxe4 12. Qxe4 0-0 13. d4 cxd4 14. Bxd4 Qc7 15. c4 Rad8 16. a3 Nc6 17. Rfd1 Nxd4 18. Nxd4 a6 19. Nc2 d5 20. cxd5 Rxd5 21. Rxd5 exd5 22. Qe2 Rc8 23. Ne1 Qc3 24. Rb1 a5 25. a4 Qd4 26. g3 Qe4 27. Qxe4 dxe4 28. Kf1 Rc5 29. f4 exf3 30. Nxf3 Rc2 31. Rd1 h6 32. Rd3 Bc5 33. Nd2 Kf8 34. h3 Ke7 35. Nc4 Ke6 36. Nxb6 Kxe5 37. Nd7+ Ke4 38. Nxc5+ Rxc5 39. Rd7 f5 40. Rxg7 Ke3 1/2-1/2

[Event "Verbandsliga Sued Baden 1112"]
[Site "Germany"]
[Date "2012.03.04"]
[Round "7.8"]
[White "Erismann, Peter"]
[Black "Fischer, Julie"]
[Result "1-0"]
[WhiteElo "2148"]
[BlackElo "1821"]
[PlyCount "109"]
[EventDate "2011.10.09"]
[EventType "team-tourn"]
[EventRounds "9"]
[EventCountry "GER"]
[SourceTitle "EXT 2013"]
[Source "ChessBase"]
[SourceDate "2012.11.22"]
[SourceVersion "1"]
[SourceVersionDate "2012.11.22"]
[SourceQuality "1"]
[WhiteTeam "Brombach"]
[BlackTeam "Baden-Baden IV"]
[WhiteTeamCountry "GER"]
[BlackTeamCountry "GER"]

1. e4 c5 2. c3 d5 3. exd5 Qxd5 4. d4 Nc6 5. Nf3 Bg4 6. Be2 cxd4 7. cxd4 e6 8. Nc3 Bb4 9. 0-0 Qa5 10. Bd2 Bxf3 11. Bxf3 Nxd4 12. a3 Be7 13. Bxb7 Rb8 14. b4 Qc7 15. Ba6 Nf6 16. Rc1 0-0 17. Be3 Qd6 18. Qxd4 Qxa6 19. Qxa7 Qxa7 20. Bxa7 Rb7 21. Bd4 Ra8 22. Nb1 Nd5 23. Rc2 Bg5 24. g3 Rab8 25. f4 Be7 26. Rfc1 h6 27. Nc3 Rd7 28. Nxd5 Rxd5 29. Rc8+ Rxc8 30. Rxc8+ Kh7 31. Rc4 Bd8 32. Kf1 Rd7 33. Ke2 Kg6 34. a4 Rb7 35. b5 f6 36. Rc6 Kf7 37. Bc5 e5 38. fxe5 fxe5 39. b6 Ke8 40. a5 Kd7 41. Rg6 Kc8 42. a6 Rd7 43. b7+ Kb8 44. Rd6 Rxd6 45. Bxd6+ Bc7 46. Bxc7+ Kxc7 47. Ke3 Kb8 48. Ke4 Ka7 49. Kxe5 Kb8 50. Kf5 Kc7 51. Kg6 Kb8 52. g4 Ka7 53. Kxg7 h5 54. gxh5 Kb8 55. h6 1-0

[Event "Verbandsliga Sued Baden 1112"]
[Site "Germany"]
[Date "2011.11.06"]
[Round "2.4"]
[White "Mathonia, Claude"]
[Black "Erismann, Peter"]
[Result "1-0"]
[WhiteElo "2216"]
[BlackElo "2148"]
[PlyCount "153"]
[EventDate "2011.10.09"]
[EventType "team-tourn"]
[EventRounds "9"]
[EventCountry "GER"]
[SourceTitle "EXT 2013"]
[Source "ChessBase"]
[SourceDate "2012.11.22"]
[SourceVersion "1"]
[SourceVersionDate "2012.11.22"]
[SourceQuality "1"]
[WhiteTeam "Zaehringen"]
[BlackTeam "Brombach II"]
[WhiteTeamCountry "GER"]
[BlackTeamCountry "GER"]

1. d4 d5 2. c4 dxc4 3. e4 e5 4. Nf3 exd4 5. Bxc4 Nc6 6. 0-0 Be6 7. Bxe6 fxe6 8. Qb3 Qd7 9. Qxb7 Rb8 10. Qa6 Nf6 11. Nbd2 Bb4 12. e5 Ng4 13. Nc4 Qd5 14. Bf4 0-0 15. Bg3 Bc5 16. a3 Rb3 17. Nfd2 Rbb8 18. Rae1 Rf5 19. Re4 Ngxe5 20. Nxe5 Nxe5 21. Rfe1 Bd6 22. b4 Rb6 23. Qe2 Ng6 24. Rxe6 Bxg3 25. hxg3 d3 26. Re8+ Rf8 27. Qe3 Rxe8 28. Qxe8+ Nf8 29. Qe4 Rd6 30. Qxd5+ Rxd5 31. f3 a5 32. Re4 axb4 33. axb4 Nd7 34. Kf2 Kf7 35. Ke3 c5 36. bxc5 Nxc5 37. Rd4 Re5+ 38. Ne4 Nxe4 39. fxe4 Ke6 40. Rxd3 Ra5 41. Kf4 Ra2 42. Kf3 Ra5 43. Rc3 Ra7 44. Rb3 Rf7+ 45. Ke3 Rd7 46. Rb6+ Ke5 47. Rb5+ Ke6 48. g4 g6 49. Kf4 Rf7+ 50. Kg5 Rf2 51. Rb7 h5 52. g3 hxg4 53. Kxg4 Rg2 54. Rb6+ Kf7 55. e5 Rg1 56. Rb7+ Ke6 57. Rg7 Kxe5 58. Rxg6 Rh1 59. Kg5 Rh7 60. g4 Rh8 61. Rg7 Ke6 62. Kg6 Rh4 63. g5 Rg4 64. Ra7 Rg1 65. Ra2 Ke7 66. Rf2 Rg3 67. Kh6 Rh3+ 68. Kg7 Ke6 69. g6 Ke7 70. Re2+ Kd7 71. Kg8 Rh4 72. g7 Rh1 73. Re4 Rh2 74. Kf7 Rf2+ 75. Kg6 Rg2+ 76. Kh6 Rg1 77. Re5 1-0

[Event "Oberliga Baden 1011"]
[Site "Baden"]
[Date "2011.01.16"]
[Round "5.7"]
[White "Sandmeier, Toni"]
[Black "Erismann, Peter"]
[Result "1/2-1/2"]
[WhiteElo "2216"]
[BlackElo "2166"]
[PlyCount "57"]
[EventDate "2010.10.10"]
[EventType "team-tourn"]
[EventRounds "9"]
[EventCountry "GER"]
[SourceTitle "EXT 2012"]
[Source "ChessBase"]
[SourceDate "2011.11.24"]
[SourceVersion "1"]
[SourceVersionDate "2011.11.24"]
[SourceQuality "1"]
[WhiteTeam "Eppingen II"]
[BlackTeam "Brombach"]
[WhiteTeamCountry "GER"]
[BlackTeamCountry "GER"]

1. c4 c5 2. g3 Nc6 3. Bg2 g6 4. e3 Bg7 5. Ne2 e5 6. Nbc3 Nge7 7. 0-0 0-0 8. d3 d6 9. Bd2 a5 10. Nd5 Nb4 11. Bc3 Nbxd5 12. cxd5 b5 13. e4 b4 14. Bd2 Ba6 15. Qc2 f5 16. Rfe1 Qe8 17. Rad1 Bb5 18. f4 fxe4 19. dxe4 Ba4 20. b3 Bd7 21. fxe5 Bxe5 22. Bh6 Rf7 23. Rf1 g5 24. Bxg5 Ng6 25. Rxf7 Qxf7 26. Rf1 Qg7 27. Qd2 Rf8 28. Rxf8+ Qxf8 29. Nf4 1/2-1/2

[Event "Oberliga Baden 1011"]
[Site "Baden"]
[Date "2010.10.24"]
[Round "2.5"]
[White "Erismann, Peter"]
[Black "Mueller, Erich2222"]
[Result "1/2-1/2"]
[WhiteElo "2166"]
[BlackElo "2152"]
[PlyCount "81"]
[EventDate "2010.10.10"]
[EventType "team-tourn"]
[EventRounds "9"]
[EventCountry "GER"]
[SourceTitle "EXT 2012"]
[Source "ChessBase"]
[SourceDate "2011.11.24"]
[SourceVersion "1"]
[SourceVersionDate "2011.11.24"]
[SourceQuality "1"]
[WhiteTeam "Brombach"]
[BlackTeam "Ladenburg"]
[WhiteTeamCountry "GER"]
[BlackTeamCountry "GER"]

1. e4 c5 2. c3 d5 3. exd5 Qxd5 4. d4 Nf6 5. Nf3 e6 6. Bd3 Be7 7. c4 Qd8 8. dxc5 Bxc5 9. 0-0 0-0 10. Qe2 Nc6 11. Be3 Bxe3 12. Qxe3 Ng4 13. Qe2 Qc7 14. Nbd2 Nd4 15. Qe4 Nxf3+ 16. Nxf3 f5 17. Qe2 e5 18. h3 e4 19. hxg4 exd3 20. Qxd3 fxg4 21. Ng5 Bf5 22. Qd5+ Kh8 23. Rad1 Qe7 24. f4 gxf3 25. Nxf3 Rad8 26. Qe5 Qxe5 27. Nxe5 Rxd1 28. Rxd1 Kg8 29. b4 Re8 30. Nf3 Bg4 31. Rd4 Bxf3 32. gxf3 Kf7 33. Kf2 Re7 34. c5 Rc7 35. a4 Ke7 36. Rc4 Ke6 37. Ke3 b6 38. Re4+ Kd5 39. Rd4+ Kc6 40. Rd6+ Kb7 41. cxb6 1/2-1/2

[Event "Verbandsliga Sued Baden 0910"]
[Site "Germany"]
[Date "2009.11.22"]
[Round "3.8"]
[White "Kramer, Gerald"]
[Black "Erismann, Peter"]
[Result "0-1"]
[WhiteElo "2018"]
[BlackElo "2166"]
[PlyCount "70"]
[EventDate "2009.10.11"]
[EventType "team-tourn"]
[EventRounds "9"]
[EventCountry "GER"]
[SourceTitle "EXT 2011"]
[Source "ChessBase"]
[SourceDate "2010.11.26"]
[SourceVersion "1"]
[SourceVersionDate "2010.11.26"]
[SourceQuality "1"]
[WhiteTeam "Iffezheim"]
[BlackTeam "Brombach"]
[WhiteTeamCountry "GER"]
[BlackTeamCountry "GER"]

1. d4 d5 2. c4 dxc4 3. Nc3 a6 4. a4 Nc6 5. e3 e5 6. Nf3 Bg4 7. d5 Na5 8. h3 Bxf3 9. Qxf3 Nf6 10. e4 Bb4 11. Bg5 Qd6 12. Bxf6 Qxf6 13. Qxf6 gxf6 14. Be2 Ke7 15. 0-0 Rhb8 16. Rfd1 b5 17. d6+ Bxd6 18. axb5 axb5 19. Nd5+ Kf8 20. Nxf6 Kg7 21. Nh5+ Kg6 22. Rd5 Nb3 23. Rxa8 Rxa8 24. Ng3 Nd4 25. Bh5+ Kf6 26. Bg4 Ra1+ 27. Kh2 Ke7 28. Nf5+ Nxf5 29. exf5 b4 30. Rd1 Ra2 31. Rb1 c3 32. Bd1 Rxb2 33. Rxb2 cxb2 34. Bc2 b3 35. Bb1 c5 0-1

[Event "SUI-chT"]
[Site "Switzerland"]
[Date "2001.03.25"]
[Round "2.8"]
[White "Maier, Christian"]
[Black "Erismann, Peter"]
[Result "1/2-1/2"]
[WhiteElo "2394"]
[BlackElo "2140"]
[PlyCount "79"]
[EventDate "2001.03.04"]
[EventType "team-tourn"]
[EventRounds "9"]
[EventCountry "SUI"]
[SourceTitle "EXT 2002"]
[Source "ChessBase"]
[SourceDate "2001.11.25"]
[SourceVersion "1"]
[SourceVersionDate "2001.11.25"]
[SourceQuality "1"]
[WhiteTeam "Biel"]
[BlackTeam "Riehen"]
[WhiteTeamCountry "SUI"]
[BlackTeamCountry "SUI"]

1. e4 c5 2. Nf3 e6 3. d3 Nc6 4. Nbd2 d6 5. c3 Nf6 6. d4 cxd4 7. cxd4 Be7 8. Bd3 0-0 9. 0-0 e5 10. h3 exd4 11. Nb3 d5 12. e5 Ne4 13. Nbxd4 Nxd4 14. Nxd4 Bc5 15. Nf3 Bf5 16. Bf4 Qb6 17. Bxe4 Bxe4 18. b3 Rac8 19. Ng5 Qg6 20. Nxe4 Qxe4 21. Qg4 Rc6 22. Rfe1 h5 23. Rxe4 hxg4 24. Re2 gxh3 25. gxh3 Bb6 26. Rd1 d4 27. Kg2 Re8 28. Bg3 f6 29. f4 Kf7 30. Bf2 fxe5 31. fxe5 Rd8 32. Rd3 Ke6 33. Kf3 Rd5 34. Bg3 Bc7 35. Rg2 Rc3 36. Ke4 Bxe5 37. Bxe5 Rxe5+ 38. Kxd4 Rxd3+ 39. Kxd3 g5 40. Kd4 1/2-1/2

[Event "Pontresina Seniors-HT I"]
[Site "Pontresina"]
[Date "2000.??.??"]
[Round "4"]
[White "Erismann, Peter"]
[Black "Nueesch, Gerard"]
[Result "0-1"]
[WhiteElo "2225"]
[BlackElo "2227"]
[PlyCount "58"]
[EventDate "2000.07.13"]
[EventType "swiss"]
[EventRounds "9"]
[EventCountry "SUI"]
[SourceTitle "EXT 2001"]
[Source "ChessBase"]
[SourceDate "2000.11.22"]
[SourceVersion "1"]
[SourceVersionDate "2000.11.22"]
[SourceQuality "1"]

1. e4 e6 2. d4 d5 3. Nd2 a6 4. exd5 exd5 5. Bd3 Nf6 6. Ngf3 Bd6 7. 0-0 0-0 8. c4 Bg4 9. h3 Bh5 10. c5 Bf4 11. g3 Bxd2 12. Bxd2 Qd7 13. Kg2 Nc6 14. Be3 Rae8 15. Be2 Ne4 16. Ng1 Bxe2 17. Nxe2 Kh8 18. Nc3 f5 19. Bf4 g5 20. Nxe4 fxe4 21. Bxg5 Rf3 22. Qd2 Ref8 23. Rad1 Qf5 24. Bf4 Ne7 25. Bxc7 e3 26. fxe3 Rxf1 27. Be5+ Kg8 28. Bf4 Rxd1 29. Qxd1 Ng6 0-1

[Event "SUI-chT"]
[Site "Switzerland"]
[Date "1996.??.??"]
[Round "5"]
[White "Erismann, Peter"]
[Black "Gast, Jonathan"]
[Result "0-1"]
[WhiteElo "2245"]
[BlackElo "2260"]
[PlyCount "126"]
[EventDate "1996.??.??"]
[EventType "team-tourn"]
[EventRounds "9"]
[EventCountry "SUI"]
[SourceTitle "CBM 055 Extra"]
[Source "ChessBase"]
[SourceDate "1997.01.01"]
[SourceVersion "1"]
[SourceVersionDate "1997.01.01"]
[SourceQuality "1"]

1. e4 c5 2. c3 Nf6 3. e5 Nd5 4. d4 cxd4 5. Qxd4 Nc7 6. Nf3 Nc6 7. Qe4 d5 8. exd6 Qxd6 9. Bf4 Qd5 10. Bd3 Qxe4+ 11. Bxe4 Ne6 12. Be3 g6 13. Na3 Bg7 14. 0-0-0 0-0 15. Nc4 Ned8 16. Rhe1 Be6 17. Bd5 Rc8 18. Kb1 b5 19. Na3 Bf5+ 20. Ka1 b4 21. cxb4 Nxb4 22. Bb3 Ndc6 23. Nd4 Nxd4 24. Bxd4 Bxd4 25. Rxd4 Nd3 26. Rf1 Nxf2 27. Nc4 Ng4 28. h3 Nf6 29. Ne5 Rc5 30. Re1 Be4 31. Nd7 Nxd7 32. Rdxe4 e6 33. Rd4 Rfc8 34. Kb1 Nb6 35. a3 Kg7 36. g4 Rb5 37. Ka2 Rb8 38. Re2 a5 39. Rf2 Rb7 40. a4 Re5 41. Rdf4 Rd7 42. Rc2 h5 43. Rc6 Rb7 44. Rd4 hxg4 45. hxg4 Re2 46. Rc2 Rxc2 47. Bxc2 Nd5 48. Be4 Nb4+ 49. Kb3 Rb8 50. Kc3 f5 51. gxf5 gxf5 52. Bg2 Kf6 53. Rc4 Rg8 54. Bf1 Rg1 55. Be2 Rg2 56. Bd1 Nd5+ 57. Kb3 Rg3+ 58. Ka2 Nb4+ 59. Kb1 Rg1 60. Kc1 Nd3+ 61. Kc2 Nxb2 62. Kxb2 Rxd1 63. Rc5 Rd5 0-1

[Event "Neuchatel op"]
[Site "Neuchatel"]
[Date "1996.??.??"]
[Round "5"]
[White "Erismann, Peter"]
[Black "Yedidia, Jonathan"]
[Result "1-0"]
[WhiteElo "2225"]
[BlackElo "2425"]
[PlyCount "123"]
[EventDate "1996.05.??"]
[EventType "swiss"]
[EventRounds "7"]
[EventCountry "SUI"]
[SourceTitle "EXT 1997"]
[Source "ChessBase"]
[SourceDate "1996.11.15"]
[SourceVersion "1"]
[SourceVersionDate "1996.11.15"]
[SourceQuality "1"]

1. e4 e6 2. d4 d5 3. exd5 exd5 4. Bd3 Nf6 5. Nf3 Bg4 6. 0-0 Be7 7. Bg5 Nc6 8. c3 Qd7 9. Nbd2 h6 10. Bh4 g5 11. Bg3 Nh5 12. Qc2 0-0-0 13. Rfe1 Nxg3 14. fxg3 Bd6 15. Nf1 Ne7 16. Ne5 Bxe5 17. Rxe5 f6 18. Ree1 Rde8 19. Ne3 Be6 20. Rf1 Rhf8 21. Rf2 Rf7 22. Raf1 Ref8 23. Nf5 Nxf5 24. Bxf5 Bxf5 25. Rxf5 c6 26. Qe2 Qe7 27. Qh5 Rh7 28. h3 Qg7 29. Qf3 Qc7 30. Kh2 Rhf7 31. Qh5 Qb6 32. R1f2 Qa6 33. a3 Qd3 34. Qxh6 Qe3 35. Qh5 Re7 36. Qh6 Rff7 37. R5f3 Qc1 38. Rxf6 Rxf6 39. Qxf6 Re1 40. g4 Rh1+ 41. Kg3 Qe3+ 42. Qf3 Qe1 43. Qf5+ Kc7 44. Qxg5 Kb6 45. Qe5 Qg1 46. Kf3 Qb1 47. Qe2 Qg6 48. Qc2 Qd6 49. Qd2 Qg6 50. Kg3 Qb1 51. c4 a5 52. cxd5 cxd5 53. Qc2 Qe1 54. Qd2 Qe4 55. Re2 Qg6 56. Rf2 Qe4 57. Rf6+ Kb5 58. Qc3 Ka4 59. Rf3 Kb5 60. a4+ Ka6 61. Rf6+ b6 62. Qc8+ 1-0

[Event "SUI-chT"]
[Site "Switzerland"]
[Date "1993.??.??"]
[Round "?"]
[White "Fioramonti, Hung"]
[Black "Erismann, Peter"]
[Result "1/2-1/2"]
[WhiteElo "2380"]
[BlackElo "2250"]
[PlyCount "76"]
[EventDate "1993.??.??"]
[EventType "team-tourn"]
[EventRounds "9"]
[EventCountry "SUI"]
[SourceTitle "TD"]
[Source "ChessBase"]
[SourceDate "1994.03.01"]
[SourceVersion "1"]
[SourceVersionDate "1994.03.01"]
[SourceQuality "1"]

1. Nf3 Nf6 2. c4 d6 3. d4 g6 4. Nc3 Bg7 5. e4 Bg4 6. Be2 Nfd7 7. Be3 0-0 8. Ng1 Bxe2 9. Ngxe2 c5 10. 0-0 cxd4 11. Nxd4 Nc6 12. Rc1 Nc5 13. Qd2 Qd7 14. f3 Ne6 15. Nde2 Rfc8 16. b3 b6 17. Rcd1 Qb7 18. f4 Nc5 19. Ng3 Rd8 20. Nd5 e6 21. Nc3 a6 22. f5 Ne5 23. f6 Bh8 24. Bxc5 bxc5 25. Qf4 Nd7 26. Rxd6 Nxf6 27. Rxd8+ Rxd8 28. Na4 Qe7 29. Qg5 Nd5 30. Qc1 Bd4+ 31. Kh1 Ne3 32. Re1 Ng4 33. h3 Qh4 34. Ne2 Nf2+ 35. Kh2 Ng4+ 36. Kh1 Nf2+ 37. Kh2 Ng4+ 38. Kh1 Nf2+ 1/2-1/2